MDQL
is popping MORE tags! Check the
thread
!
Quizzes
Events
Quiz Creation
Community
Videos
Private Events
Remove Ads
Sign In
Join for FREE
Feedback
Dark Mode
Quiz Categories
Sports
Geography
Music
Movies
Television
Just For Fun
Miscellaneous
History
Literature
Language
Science
Gaming
Entertainment
Religion
Holiday
For Kids
Quiz Lab
Recent
Popular Today
Quiz Kudos Today
Editor Picks
Curator Picks
Quizzes by...
Day
Popularity
Type
Ratings
Length
Year
Community
Subscriptions
Recent Discussions
Orange Saloon
Badges
Playlists
Quests
Create
Leaderboards
Showdown
Live 5
Trivia Bingo
Activity
Puzzle Library
Sporcle Events
Private Events
Virtual Trivia
Globe League
Become a Host
Pub Owners
SporcleCon
Opinionation
Our Games
Videos
Blog
Mobile Apps
Partnerships
Remove Ads and Go Orange
Feedback
Geography
Country
Landmarks
City
State
Population
World
Capital
Continent
Flags
Europe
Africa
Asia
South America
North America
Oceania
Border
Canada
United Kingdom
Topography
United States
Geography
Country
Landmarks
City
State
Population
World
Capital
Continent
Flags
Europe
Africa
Asia
South America
North America
Oceania
Border
Canada
United Kingdom
Topography
United States
Random Quiz
Search Sporcle
×
Quiz Lab
Quiz Lab
Geography
Population
Type in answers that appear in a list
Type in answers that appear in a list
Classic
Best Score? Go Orange.
Missouri County Seats Stats
Can you name the Missouri County Seats
By
stephenrrust
15m
115 Questions
544 Plays
544 Plays
544 Plays
Comments
Comments
Give Quiz Kudos
Give Quiz Kudos
-
- Ratings
hide this ad
Random Order
Randomize order of answers
Randomize order of answers
Replay
Link that replays current quiz
Next Quiz
Link to next quiz in quiz playlist
You Got
0%
They Got
Avg Score
70%
Avg Friend Score
Upgrade to see
Score Distribution
Jump to the score distribution portion of the page
Score
0/115
Timer
15:00
0
Plays Today
County
Seat
% Correct
City Of St. Louis
St. Louis
92.1%
Cole County
Jefferson City
89.7%
Boone County
Columbia
89.3%
St. Charles County
St. Charles
88.6%
Greene County
Springfield
88.4%
Phelps County
Rolla
86.9%
Buchanan County
St. Joseph
86.8%
Pettis County
Sedalia
86.4%
Camden County
Camdenton
84.7%
St. Louis County
Clayton
84%
Adair County
Kirksville
84%
Audrain County
Mexico
83.6%
Jasper County
Carthage
83.3%
Ste. Genevieve County
Ste. Genevieve
83.3%
New Madrid County
New Madrid
82.4%
Warren County
Warrenton
82.4%
Calloway County
Fulton
82.2%
Christian County
Ozark
82%
Vernon County
Nevada
82%
Franklin County
Union
82%
Iron County
Ironton
81.8%
Johnson County
Warrensburg
81.8%
Newton County
Neosho
81.3%
Butler County
Poplar Bluff
81.1%
Perry County
Perryville
80.9%
Texas County
Houston
80.7%
Macon County
Macon
80.3%
Laclede County
Lebanon
80.1%
Nodaway County
Maryville
80.1%
Cooper County
Boonville
80%
Osage County
Linn
79.4%
Platte County
Platte City
79.2%
Clay County
Liberty
78.9%
Cape Girardeau County
Jackson
78.5%
Montgomery County
Montgomery City
78.5%
Lincoln County
Troy
77.9%
Pulaski County
Waynesville
77.2%
Moniteau County
California
77.2%
Gasconade County
Hermann
77%
County
Seat
% Correct
St. Francois County
Farmington
76.8%
Howell County
West Plains
76.5%
Henry County
Clinton
76.3%
Barton County
Lamar
76.1%
Carroll County
Carrollton
76.1%
Saline County
Marshall
75.9%
Livingston County
Chillicothe
75.6%
Dunklin County
Kennett
75.2%
Lafayette County
Lexington
74.3%
Cass County
Harrisonville
74.3%
Douglas County
Ava
73.3%
Shelby County
Shelbyville
73.2%
Mississippi County
Charleston
72.8%
Marion County
Palmyra
72.1%
Webster County
Marshfield
71.7%
Crawford County
Steelville
71.5%
Washington County
Potosi
71.3%
Atchison County
Rock Port
70.4%
Barry County
Cassville
70.2%
Jefferson County
Hillsboro
70.2%
Taney County
Forsyth
70%
Polk County
Bolivar
70%
Pike County
Bowling Green
69.3%
Dallas County
Buffalo
68.9%
Morgan County
Versailles
68.8%
Howard County
Fayette
68.8%
Dent County
Salem
68.6%
Pemiscot County
Caruthersville
67.8%
Grundy County
Trenton
67.6%
Jackson County
Kansas City and Independence
67.5%
Monroe County
Paris
67.3%
Hickory County
Hermitage
67.1%
Andrew County
Savannah
67.1%
Ray County
Richmond
66.7%
Clark County
Kahoka
66.4%
McDonald County
Pineville
66.2%
Benton County
Warsaw
66.2%
Carter County
Van Buren
65.4%
Bollinger County
Marble Hill
64.9%
County
Seat
% Correct
Bates County
Butler
64.9%
Lawrence County
Mount Vernon
64.7%
Mercer County
Princeton
64.7%
Maries County
Vienna
64.3%
Shannon County
Eminence
64.2%
Miller County
Tuscumbia
64%
Putnam County
Unionville
63.8%
Ralls County
New London
63.6%
Oregon County
Alton
62.9%
Holt County
Oregon
62.5%
Madison County
Fredericktown
62.1%
Linn County
Linneus
61.9%
Reynolds County
Centerville
61.8%
Ozark County
Gainesville
61.2%
Harrison County
Bethany
61%
Ripley County
Doniphan
60.8%
Scotland County
Memphis
60.8%
Wayne County
Greenville
60.7%
Chariton County
Keytesville
59.7%
Stone County
Galena
59.2%
St. Clair County
Osceola
59.2%
Worth County
Grant City
59%
Gentry County
Albany
58.8%
Scott County
Benton
58.5%
Wright County
Hartville
58.1%
Cedar County
Stockton
57.9%
DeKalb County
Maysville
57.9%
Dade County
Greenfield
57.7%
Clinton County
Plattsburg
55.7%
Sullivan County
Milan
53.5%
Randolph County
Huntsville
52%
Stoddard County
Bloomfield
51.1%
Caldwell County
Kingston
50.7%
Knox County
Edina
50.6%
Daviess County
Gallatin
50.4%
Schuyler County
Lancaster
49.3%
Lewis County
Monticello
49.1%
Quiz Playlist
Details
Report
Send in Message
Add To Playlist
Classic:
Type in answers that appear in a list
Random Order:
Randomize order of answers
Last Updated: May 9, 2017
Quiz Scoreboard
CHALLENGE
Sign Up to Join the Scoreboard
Show All
Scores
Hide
Comments
May contain spoilers
Recently Published
Colored Red Africa Blitz
by spor1
Geography
30s
Find the 'City' Movie
by crazypaving
Movies
60s
5x2 Blitz: Bands
by SL_Kpop136
Music
30s
More to Explore
Quiz From the Vault
Featured Blog Post
14 Easter Pick-up Lines to Find Eggs With
hide this ad
You Might Also Like...
Tags
Population Quiz
counties
missouri
seat
Today's Top Quizzes in Geography
Browse Geography
hide this ad
Today's Top Quizzes in Population
Browse Population
Top Contributed Quizzes in Geography
1
Countries of the World - No Outlines Minefield
2
Colored Red Europe Blitz I
3
Colored Red Africa Blitz II
4
Colored Red Europe Blitz II
5
Colored Red Europe Blitz III
6
Colored Red Africa Blitz III
7
Colored Red States Blitz I
8
Colored Red States Blitz II
9
Colored Red States Blitz III
10
Blind Secret Country CLXXXIX
Explore More
Trending Topics
Marvel
Kpop
Disney
Harry Potter
Anime
Crossword
NBA
WWE
The Office
Country
NFL
Pokémon
Puzzle
Soccer
Song
hide this ad
More By:
stephenrrust
Quiz
Plays
Rating
Category
Featured
Created
Utah County Seats
1,212
Geography
Mar 4, 2014
North Dakota County Seats
1,187
5.00
Geography
Feb 15, 2014
Tennessee County Seats
617
5.00
Geography
Feb 17, 2014
Missouri County Seats
544
5.00
Geography
Feb 19, 2014
Washington(State) County Seats
372
Geography
Mar 5, 2014
Go to Creator's Profile
Score Distribution
Quiz Creator Spotlight
stephenrrust
Follow
Send a Message
Quizzes Created
-
Created Quiz Play Count
-
More By This Creator
Popular Quizzes Today
1
Find the 'City' Movie
2
Colored Red Africa Blitz
3
5x2 Blitz: Bands
4
Find the US States - No Outlines Minefield
5
The Countries of the World
6
Find the US States
7
9x9 Crossword: Cartoon Network
8
US States
More Geography Quizzes
Bordering Flags (III)
Quiz Lab
Trending Quizzes
Colored Red Europe Blitz I
Colored Red Africa Blitz II
Colored Red Africa Blitz III
Colored Red Europe Blitz III
Colored Red Europe Blitz II
Recently Updated
Champions League XIs: Real Madrid
pecheneg
Largest US Cities 1790-2010
pecheneg
Rides in Walt Disney World
pecheneg
Most Oscar Losses (Acting)
pecheneg
Beyoncé Albums
pecheneg
Leaping Animals
pecheneg
Reality TV Shows (A-Z)
bhenderson79
Rickey Henderson's Hall of Fame Teammates
pecheneg
Champions League XIs: Arsenal
pecheneg
Quick Pick: Celebrities in WWE's Hall of Fame
aduchscher
Trending Topics
Crossword
Disney
Anime
NBA
Harry Potter
Marvel
Kpop
NFL
Song
Pokémon
WWE
Puzzle
Country
The Office
Soccer
Your Account Isn't Verified!
In order to create a playlist on Sporcle, you need to verify the email address you used during registration. Go to your
Sporcle Settings
to finish the process.
Report this User
Report this user for behavior that violates our
Community Guidelines
.
Details:
Send Report
Go to the Sporcle.com Mobile Site →
Comments